| 000 | 00702cam a22002533a 4500 | ||
|---|---|---|---|
| 001 | 25413 | ||
| 003 | PGUSA | ||
| 005 | 20140828083539.0 | ||
| 008 | 080510s2008||||xxu|||||s|||||000 | eng d | ||
| 040 |
_aPGUSA _beng |
||
| 042 | _adc | ||
| 050 | 4 | _aF206 | |
| 100 | 1 |
_aThomas, Jean, _d1881- |
|
| 245 | 1 | 0 |
_aBlue Ridge Country _h[electronic resource] / _cJean Thomas |
| 260 |
_bProject Gutenberg, _c2008 |
||
| 506 | _aPublic domain in the USA. | ||
| 516 | _aElectronic text | ||
| 653 | _aAppalachians (People) | ||
| 653 | _aBlue Ridge Mountains | ||
| 700 | 1 |
_aCaldwell, Erskine, _d1903-1987 |
|
| 830 | 0 |
_aProject Gutenberg _v25413 |
|
| 856 | 4 | 0 | _uhttp://www.gutenberg.org/ebooks/25413 |
| 942 | _cEB | ||
| 999 |
_c254668 _d254668 |
||